Southville International School and Colleges
Your cart is empty.
  • Cart
  • Lists
    Public lists Eva Luna New books Lux_list list_1
    Your lists Log in to create your own lists
  • Log in to your account
  • Your cookies
  • Search history
Southville International School and Colleges
  • Advanced search
  • Recent comments
  • Most popular
  • Libraries

Log in to your account

Log in with GOOGLE


If you do not have an external account, but do have a local account, you can still log in:

  1. Home
  2. MARC view: Women power in social welfare & development /
Normal view MARC view ISBD view

Women power in social welfare & development / (Record no. 290463)

[ view plain ]
MARC details
000 -LEADER
fixed length control field 00866nam a2200229 a 4500
003 - CONTROL NUMBER IDENTIFIER
control field PILC
005 - DATE AND TIME OF LATEST TRANSACTION
control field 20160204075937.0
008 - FIXED-LENGTH DATA ELEMENTS--GENERAL INFORMATION
fixed length control field 051013s ph 000 0 eng d
020 ## - INTERNATIONAL STANDARD BOOK NUMBER
International Standard Book Number 9719307110
050 00 - LIBRARY OF CONGRESS CALL NUMBER
Classification number HV 40.8.P7
Item number .F44 1999
100 1# - MAIN ENTRY--PERSONAL NAME
Personal name Felizmeña, Amelia Delda.
245 10 - TITLE STATEMENT
Title Women power in social welfare & development /
Statement of responsibility, etc Amelia Delda Felizmeña.
250 ## - EDITION STATEMENT
Edition statement Revised edition.
260 ## - PUBLICATION, DISTRIBUTION, ETC. (IMPRINT)
Place of publication, distribution, etc Quezon City :
Name of publisher, distributor, etc Dept. of Social Welfare and Development,
Date of publication, distribution, etc 1999.
300 ## - PHYSICAL DESCRIPTION
Extent 151 pages :
Other physical details illustrations ;
Dimensions 23 cm.
500 ## - GENERAL NOTE
General note Cover title: Women power in social welfare & development.
500 ## - GENERAL NOTE
General note Includes indexes.
650 #0 - SUBJECT ADDED ENTRY--TOPICAL TERM
Topical term or geographic name as entry element Women social workers
Geographic subdivision Philippines
General subdivision History
Chronological subdivision 20th century.
650 #0 - SUBJECT ADDED ENTRY--TOPICAL TERM
Topical term or geographic name as entry element Social service
Geographic subdivision Philippines
General subdivision History
Chronological subdivision 20th century.
710 1# - ADDED ENTRY--CORPORATE NAME
Corporate name or jurisdiction name as entry element Philippines.
Subordinate unit Dept. of Social Welfare and Development.
942 ## - ADDED ENTRY ELEMENTS (KOHA)
Source of classification or shelving scheme Library of Congress Classification
Koha item type Books
Call number prefix Filipininana
Holdings
Withdrawn status Lost status Source of classification or shelving scheme Damaged status Home library Current library Shelving location Date acquired Source of acquisition Sub Shelving location Total Checkouts Full call number Barcode Date last seen Price effective from Koha item type
    Library of Congress Classification   College Library College Library Filipiniana Section 02/04/2016 Donation     HV 40.8.P7 .F44 1999 C20372 05/08/2018 02/04/2016 Books

Women power in social welfare & development /

APA

Felizmeña A. D., Philippines, . (1999). Women power in social welfare & development. Quezon City: Dept. of Social Welfare and Development.

Chicago

Felizmeña Amelia Delda, Philippines, . 1999. Women power in social welfare & development. Quezon City: Dept. of Social Welfare and Development.

Harvard

Felizmeña A. D., Philippines, . (1999). Women power in social welfare & development. Quezon City: Dept. of Social Welfare and Development.

MLA

Felizmeña Amelia Delda, Philippines, . Women power in social welfare & development. Quezon City: Dept. of Social Welfare and Development. 1999.

  • Place hold
  • Print
  • Cite
  • Add to your cart (remove)
  • Save record
    BIBTEX Dublin Core MARCXML MARC (non-Unicode/MARC-8) MARC (Unicode/UTF-8) MARC (Unicode/UTF-8, Standard) MODS (XML) RIS
  • More searches
    Search for this title in:
    Other Libraries (WorldCat) Other Databases (Google Scholar) Online Stores (Bookfinder.com) Open Library (openlibrary.org)

Exporting to Dublin Core...

SOUTHVILLE LIBRARY

Southville International School and Colleges Library

1281 Tropical Ave. Cor. Luxembourg St., BF Homes International, Las Pinas City

Tel. No. 8256374 / 252358 Loc. 117/146

Powered by Koha